00448 2200157 4500001002100000008004100021035002000062245006500082250001000147260004900157300002100206084001600227082001000243650002600253990001100279INLIS000000000001152 ind  a0010-0722000701 aTingkatkan Taqwa Melalui Kepedulian LingkunagancIlyas Asaad aCet.1 aJakarta :bKementrian Lingkunagn Hidupc2011 a70c14,8 x 21 cm a363.7 ILY t a363.7 aPengajaran Pendidikan aDI.556